| 000 | 00901nam a2200253Ia 4500 | ||
|---|---|---|---|
| 001 | 9761 | ||
| 003 | GE_BSU | ||
| 008 | 181216s||||||||xx |||||||||||||| ||und|| | ||
| 020 | _a9992843926 | ||
| 040 | _cGE_BSU | ||
| 080 | _a821.353.1–1+821.353.1-4 | ||
| 100 | _aთურმანიძე,თემურ | ||
| 245 | _aუფლისციხესთან მიმეჩქარება | ||
| 245 | _bლექსები,ესეები | ||
| 245 | _cრედ.ჯემალ ხოფერია.მხატვ.ჯემალ მიქელაძე | ||
| 260 | _aბათუმი | ||
| 260 | _bალიონი | ||
| 260 | _c2005 | ||
| 300 | _a184გვ.პორტრ.20სმ. | ||
| 541 | _h3ლ.60თ. | ||
| 653 | _aლექსები,ესეები | ||
| 653 | _aუფლისციხესთან მიმეჩქარება | ||
| 942 | _cBK | ||
| 999 |
_c43041 _d43041 |
||